[Event "Kavala GRE, 20th Open"]
[Site "Kavala GRE"]
[Date "2011.08.06"]
[Round "9"]
[White "Atalik, S."]
[Black "Margvelashvili, G."]
[Result "1/2-1/2"]
[WhiteElo "2619"]
[BlackElo "2525"]
[PlyCount "60"]
[EventDate "2011.07.30"]
[EventRounds "9"]
[EventCountry "GRE"]

1. d4 Nf6 2. c4 e6 3. g3 Bb4+ 4. Bd2 Bxd2+ 5. Qxd2 d5 6. Bg2 Nbd7 7. Nf3 c6 8.
O-O O-O 9. Rc1 b6 10. Qb4 Bb7 11. cxd5 cxd5 12. Nc3 a5 13. Qd6 Qb8 14. Qxb8
Raxb8 15. Nb5 Ba6 16. a4 Rfc8 17. Nd2 Kf8 18. e3 Bxb5 19. axb5 Rxc1+ 20. Rxc1
Ke7 21. Rc6 Kd8 22. e4 dxe4 23. Nxe4 Nxe4 24. Bxe4 Nf6 25. f3 g6 26. Kf2 Ne8
27. Ke2 Nc7 28. Bd3 Nd5 29. Be4 Ne7 30. Rc3 Kd7 1/2-1/2

[Event "Kavala GRE, 20th Open"]
[Site "Kavala GRE"]
[Date "2011.08.06"]
[Round "9"]
[White "Bartel, M."]
[Black "Gopal, G."]
[Result "1-0"]
[WhiteElo "2611"]
[BlackElo "2576"]
[PlyCount "83"]
[EventDate "2011.07.30"]
[EventRounds "9"]
[EventCountry "GRE"]

1. e4 c5 2. Nf3 d6 3. d4 cxd4 4. Nxd4 Nf6 5. Nc3 a6 6. Be3 e5 7. Nb3 Be6 8. h3
Nbd7 9. g4 h6 10. f4 exf4 11. Bxf4 Ne5 12. Qe2 Rc8 13. O-O-O Nfd7 14. Nd5 Bxd5
15. exd5 g6 16. Qd2 Bg7 17. Kb1 Nb6 18. c3 Qf6 19. Bxe5 dxe5 20. d6 O-O 21. Na5
e4 22. Nxb7 Na4 23. Rh2 Nxc3+ 24. bxc3 Rxc3 25. Qb2 Qf3 26. Rhd2 Rc6 27. Qb3
Rc3 28. Qd5 Qe3 29. Rb2 Qf4 30. d7 Qf6 31. Qd2 e3 32. Qe2 Qe5 33. d8=Q Rxd8 34.
Rxd8+ Kh7 35. Bg2 Rc4 36. Rd3 Qc7 37. Rd1 Qe5 38. a3 Rc3 39. Nd6 Qe6 40. Nc4
Qf6 41. Bd5 a5 42. Rd3 1-0

[Event "Kavala GRE, 20th Open"]
[Site "Kavala GRE"]
[Date "2011.08.06"]
[Round "9"]
[White "Charkhalashvili, I."]
[Black "Simeonidis, I."]
[Result "1/2-1/2"]
[WhiteElo "2355"]
[BlackElo "2244"]
[PlyCount "51"]
[EventDate "2011.07.30"]
[EventRounds "9"]
[EventCountry "GRE"]

1. d4 g6 2. c4 Nf6 3. Nc3 d5 4. Bf4 Bg7 5. e3 c5 6. Nf3 O-O 7. Be2 cxd4 8. exd4
dxc4 9. Bxc4 Nbd7 10. O-O Nb6 11. Bb3 Nbd5 12. Be5 b6 13. Re1 Bb7 14. Qe2 Rc8
15. Nxd5 Bxd5 16. Bxd5 Qxd5 17. Qa6 Qd7 18. Rac1 Rfd8 19. Bf4 Nd5 20. Bd2 Rc7
21. Rxc7 Qxc7 22. Rc1 Qb8 23. h3 Nc7 24. Qc4 Nd5 25. Qa6 Nc7 26. Qc4 1/2-1/2

[Event "Kavala GRE, 20th Open"]
[Site "Kavala GRE"]
[Date "2011.08.06"]
[Round "9"]
[White "Cherednichenko, S."]
[Black "Nikolaou, G."]
[Result "0-1"]
[WhiteElo "2283"]
[BlackElo "2248"]
[PlyCount "100"]
[EventDate "2011.07.30"]
[EventRounds "9"]
[EventCountry "GRE"]

1. d4 Nf6 2. c4 g6 3. Nc3 Bg7 4. e4 d6 5. f4 O-O 6. Nf3 a6 7. a4 c5 8. d5 e6 9.
Be2 exd5 10. cxd5 Bg4 11. O-O Nbd7 12. h3 Bxf3 13. Bxf3 Rb8 14. Qe2 Re8 15. g4
Nxe4 16. Nxe4 f5 17. Qc2 fxe4 18. Bxe4 Qh4 19. Kh2 Re7 20. Bd2 Rbe8 21. Be1 Qf6
22. Bc3 Rxe4 23. Qxe4 Rxe4 24. Bxf6 Nxf6 25. Rae1 Rxe1 26. Rxe1 Nxd5 27. Re8+
Kf7 28. Rb8 Bd4 29. Rxb7+ Ke6 30. b3 Be3 31. Rxh7 Bxf4+ 32. Kg2 g5 33. Ra7 Nb4
34. Kf3 Bd2 35. Rh7 Be1 36. Ke2 Bg3 37. Kf3 Bh4 38. Rh8 Ke5 39. Rd8 d5 40. Ke3
d4+ 41. Kd2 Bf2 42. Re8+ Kf4 43. Rf8+ Kg3 44. Rf5 Be3+ 45. Ke2 Bf4 46. Rxc5 d3+
47. Kd1 Kxh3 48. Ke1 Kxg4 49. Kf2 d2 50. Ke2 Nd3 0-1

[Event "Kavala GRE, 20th Open"]
[Site "Kavala GRE"]
[Date "2011.08.06"]
[Round "9"]
[White "Dounis, A."]
[Black "Zarkua, D."]
[Result "0-1"]
[WhiteElo "2248"]
[BlackElo "2433"]
[PlyCount "100"]
[EventDate "2011.07.30"]
[EventRounds "9"]
[EventCountry "GRE"]

1. Nf3 c5 2. g3 Nc6 3. d4 cxd4 4. Nxd4 g6 5. Bg2 Bg7 6. Nxc6 bxc6 7. O-O Rb8 8.
Nc3 Nf6 9. Qd2 O-O 10. b3 Nd5 11. Bb2 Qa5 12. Bxd5 cxd5 13. Rfd1 e6 14. Na4
Qxd2 15. Rxd2 Bh6 16. e3 Bb7 17. Be5 Rbc8 18. Bd4 Bg7 19. Rc1 Bxd4 20. exd4 d6
21. Nb2 Rc7 22. Nd1 Rfc8 23. Ne3 Ba6 24. Re1 Rc3 25. f4 f5 26. Kf2 Kf7 27. h3
Bb5 28. a4 Ba6 29. Rg1 Ke7 30. Rh1 Rf8 31. Nd1 Rc6 32. h4 h6 33. Ne3 Kd7 34.
Rh2 Rfc8 35. Ke1 Re8 36. h5 g5 37. fxg5 hxg5 38. h6 Rc3 39. h7 Rh8 40. Kf2 Ke8
41. Rh5 Kf7 42. Rxg5 Rxh7 43. Kf3 Rh8 44. Kf2 Rxe3 45. Kxe3 Kf6 46. Kf4 e5+ 47.
dxe5+ dxe5+ 48. Ke3 d4+ 49. Rxd4 exd4+ 50. Kf4 Bc8 0-1

[Event "Kavala GRE, 20th Open"]
[Site "Kavala GRE"]
[Date "2011.08.06"]
[Round "9"]
[White "Filippas, S."]
[Black "Kanmazalp, O."]
[Result "0-1"]
[WhiteElo "2246"]
[BlackElo "2412"]
[PlyCount "73"]
[EventDate "2011.07.30"]
[EventRounds "9"]
[EventCountry "GRE"]

1. d4 Nf6 2. c4 g6 3. Nc3 Bg7 4. e4 d6 5. Nf3 O-O 6. Be2 Nbd7 7. O-O e5 8. Be3
Re8 9. d5 Nh5 10. g3 Bf8 11. Ne1 Ng7 12. b4 f5 13. f3 Be7 14. Nd3 Bg5 15. Bf2
Nf6 16. c5 fxe4 17. fxe4 Bh3 18. Re1 Rf8 19. a4 h5 20. Ra2 Ng4 21. Bxg4 Bxg4
22. Qc2 h4 23. gxh4 Bxh4 24. Bxh4 Qxh4 25. Qd2 Bf3 26. Qf2 Qh6 27. Qe3 Qh5 28.
Ne2 Qg4+ 29. Ng3 Nh5 30. Nf2 Qh4 31. Qh6 Rf6 32. Re3 Raf8 33. Rxf3 Rxf3 34.
Qxg6+ Ng7 35. Nf5 R8xf5 36. exf5 Rxf5 37. Kf1 0-1

[Event "Kavala GRE, 20th Open"]
[Site "Kavala GRE"]
[Date "2011.08.06"]
[Round "9"]
[White "Gupta, A."]
[Black "Socko, M."]
[Result "1-0"]
[WhiteElo "2627"]
[BlackElo "2490"]
[PlyCount "61"]
[EventDate "2011.07.30"]
[EventRounds "9"]
[EventCountry "GRE"]

1. d4 Nf6 2. c4 g6 3. Nc3 Bg7 4. e4 d6 5. f3 a6 6. Be3 c6 7. e5 Nfd7 8. exd6
exd6 9. Qd2 Nf6 10. O-O-O O-O 11. Bh6 b5 12. h4 Be6 13. h5 Bxh6 14. Qxh6 Ra7
15. Nh3 Bxh3 16. Rxh3 b4 17. Ne4 Nxe4 18. fxe4 Qf6 19. Rf3 Qh4 20. Bd3 Re7 21.
c5 dxc5 22. Rh3 Qf2 23. Rf1 Qxd4 24. hxg6 Qg7 25. Qxg7+ Kxg7 26. Rxh7+ Kg8 27.
Bc4 Nd7 28. Bxf7+ Rexf7 29. Rhxf7 Rxf7 30. gxf7+ Kf8 31. Rf5 1-0

[Event "Kavala GRE, 20th Open"]
[Site "Kavala GRE"]
[Date "2011.08.06"]
[Round "9"]
[White "Halkias, S."]
[Black "Raeva, E."]
[Result "1-0"]
[WhiteElo "2600"]
[BlackElo "2324"]
[PlyCount "89"]
[EventDate "2011.07.30"]
[EventRounds "9"]
[EventCountry "GRE"]

1. d4 Nf6 2. Nf3 g6 3. g3 Bg7 4. Bg2 O-O 5. O-O d5 6. c4 e6 7. Nc3 Nbd7 8. Bf4
c6 9. Qd3 dxc4 10. Qxc4 Nd5 11. Bg5 N7f6 12. Rfd1 h6 13. Bd2 Qe7 14. Rac1 Rd8
15. h3 Bd7 16. Ne5 Be8 17. Qb3 Rac8 18. Na4 Nd7 19. Nxd7 Rxd7 20. Nc5 Rdd8 21.
Qxb7 Rc7 22. Qb3 Bxd4 23. Ba5 Nb6 24. e3 Be5 25. Rxd8 Qxd8 26. Nxe6 fxe6 27.
Qxe6+ Rf7 28. Qxe5 Rf5 29. Qc3 Qe7 30. Bxb6 axb6 31. Qb3+ Kh7 32. Qxb6 Qf6 33.
e4 Rb5 34. Qc7+ Kh8 35. b3 Re5 36. Rd1 Re7 37. Qd8 Kh7 38. f4 Qf7 39. Kh2 h5
40. e5 h4 41. Rd6 hxg3+ 42. Kxg3 Bd7 43. Rf6 Qg7 44. Bxc6 Bf5 45. Qf8 1-0

[Event "Kavala GRE, 20th Open"]
[Site "Kavala GRE"]
[Date "2011.08.06"]
[Round "9"]
[White "Kaplan, S."]
[Black "Kostopoulos, E."]
[Result "1-0"]
[WhiteElo "2436"]
[BlackElo "2262"]
[PlyCount "87"]
[EventDate "2011.07.30"]
[EventRounds "9"]
[EventCountry "GRE"]

1. e4 c5 2. Nf3 d6 3. d4 cxd4 4. Nxd4 Nf6 5. Nc3 g6 6. Be3 Bg7 7. f3 O-O 8. Qd2
Nc6 9. Bc4 Bd7 10. O-O-O Rc8 11. Bb3 Nxd4 12. Bxd4 b5 13. Nd5 Nxd5 14. Bxg7
Kxg7 15. exd5 a5 16. a3 Kg8 17. h4 b4 18. axb4 axb4 19. h5 Bf5 20. Qxb4 Qc7 21.
Rd4 Rb8 22. Qc3 Qxc3 23. bxc3 gxh5 24. Rxh5 Bg6 25. Rh1 Rfc8 26. Kd2 Rc5 27.
Re1 Rb7 28. Rb4 Rbc7 29. c4 Kg7 30. Rb5 Kf6 31. Ra1 Rc8 32. Ra7 R5c7 33. Rxc7
Rxc7 34. Rb6 h5 35. g3 Bf5 36. Rc6 Rxc6 37. dxc6 e5 38. c7 Bc8 39. Ke3 Ke6 40.
Ba4 d5 41. cxd5+ Kd6 42. c4 Kxc7 43. c5 f5 44. f4 1-0

[Event "Kavala GRE, 20th Open"]
[Site "Kavala GRE"]
[Date "2011.08.06"]
[Round "9"]
[White "Kohlweyer, B."]
[Black "Hadzimanolis, A."]
[Result "1-0"]
[WhiteElo "2494"]
[BlackElo "2322"]
[PlyCount "65"]
[EventDate "2011.07.30"]
[EventRounds "9"]
[EventCountry "GRE"]

1. d4 Nf6 2. c4 e6 3. Nc3 d5 4. cxd5 exd5 5. Bg5 c6 6. e3 Be7 7. Qc2 Nbd7 8.
Bd3 O-O 9. Nge2 Re8 10. O-O Nf8 11. f3 Nh5 12. Bxe7 Qxe7 13. e4 dxe4 14. fxe4
g6 15. e5 f5 16. Qd2 Be6 17. Qe3 Rad8 18. Rad1 b5 19. a3 a5 20. Rd2 Ng7 21. Rc1
Qa7 22. Bb1 Nd7 23. Nf4 Bc4 24. Qf2 Re7 25. Rdd1 Nb6 26. g4 b4 27. gxf5 bxc3
28. f6 Rf7 29. Rxc3 Nf5 30. Bxf5 gxf5 31. Qh4 Qd7 32. Rg3+ Kf8 33. Qh6+ 1-0

[Event "Kavala GRE, 20th Open"]
[Site "Kavala GRE"]
[Date "2011.08.06"]
[Round "9"]
[White "Maiorov, N."]
[Black "Mastrovasilis, D."]
[Result "1/2-1/2"]
[WhiteElo "2535"]
[BlackElo "2604"]
[PlyCount "115"]
[EventDate "2011.07.30"]
[EventRounds "9"]
[EventCountry "GRE"]

1. d4 d5 2. c4 e6 3. Nf3 Nf6 4. Nc3 c5 5. cxd5 Nxd5 6. e4 Nxc3 7. bxc3 cxd4 8.
cxd4 Bb4+ 9. Bd2 Bxd2+ 10. Qxd2 O-O 11. Bc4 Nd7 12. O-O b6 13. Rfe1 Bb7 14. a4
Rc8 15. Bd3 e5 16. d5 Nc5 17. Bc2 f5 18. exf5 e4 19. Nd4 Qxd5 20. Qe3 Kh8 21.
Red1 Nd3 22. Bb3 Qc5 23. Rab1 h6 24. g4 Rfd8 25. Ne6 Qxe3 26. fxe3 Rd6 27. Nd4
a6 28. h3 Rc3 29. Ne2 Rc5 30. Nf4 Kh7 31. Rd2 Rc3 32. Ne2 Rc5 33. Rbd1 Bc6 34.
Nd4 Rc3 35. Rc2 Rxb3 36. Nxb3 Bxa4 37. Rb1 b5 38. Rc7 Bxb3 39. Rxb3 b4 40. Rb1
Rb6 41. h4 b3 42. f6 Rxf6 43. Rxb3 Rf3 44. Rbb7 Rg3+ 45. Kf1 Rxg4 46. h5 Rg5
47. Ke2 Ne5 48. Re7 Nc4 49. Kf2 Ne5 50. Ke2 Nc4 51. Rb8 Nd6 52. Re6 Nf5 53. Kf2
Ng3 54. Ra8 Nh1+ 55. Ke1 Ng3 56. Kf2 Nh1+ 57. Ke1 Ng3 58. Kf2 1/2-1/2

[Event "Kavala GRE, 20th Open"]
[Site "Kavala GRE"]
[Date "2011.08.06"]
[Round "9"]
[White "Mamedov, N."]
[Black "Ashwin, J."]
[Result "1-0"]
[WhiteElo "2575"]
[BlackElo "2449"]
[PlyCount "65"]
[EventDate "2011.07.30"]
[EventRounds "9"]
[EventCountry "GRE"]

1. e4 c5 2. Nf3 e6 3. d4 cxd4 4. Nxd4 Nc6 5. Nc3 Qc7 6. Be3 a6 7. Qd2 Nf6 8.
O-O-O Bb4 9. f3 O-O 10. g4 b5 11. g5 Nh5 12. Kb1 Nxd4 13. Bxd4 Bb7 14. a3 Be7
15. Ne2 e5 16. Bc3 Rfe8 17. Bh3 Bc6 18. Bg4 Nf4 19. Nxf4 exf4 20. Ba5 Qe5 21.
h4 Ra7 22. Bc3 Qb8 23. Qd4 f6 24. Rhg1 a5 25. Bh5 Rf8 26. gxf6 Bxf6 27. e5 Bxh4
28. e6 Rf6 29. Bf7+ Kh8 30. Rxg7 Kxg7 31. Rg1+ Kh6 32. Qxf6+ Bxf6 33. Bxf6 1-0

[Event "Kavala GRE, 20th Open"]
[Site "Kavala GRE"]
[Date "2011.08.06"]
[Round "9"]
[White "Nikolov, Momchil"]
[Black "Kosic, D."]
[Result "1-0"]
[WhiteElo "2589"]
[BlackElo "2483"]
[PlyCount "153"]
[EventDate "2011.07.30"]
[EventRounds "9"]
[EventCountry "GRE"]

1. Nf3 Nf6 2. c4 e6 3. Nc3 Bb4 4. Qc2 c5 5. a3 Ba5 6. g3 O-O 7. Bg2 Nc6 8. O-O
d6 9. e3 e5 10. d3 h6 11. Nd2 Be6 12. Nd5 Bxd5 13. cxd5 Ne7 14. e4 b5 15. b4
cxb4 16. Qb3 Nd7 17. axb4 Bb6 18. Bb2 f5 19. d4 Kh8 20. Qd3 Rb8 21. Nb3 Qe8 22.
exf5 Nxf5 23. Rae1 Rf6 24. Na5 Bxd4 25. Bxd4 Nxd4 26. f4 Rc8 27. Nb7 Qf8 28.
Na5 Rc2 29. Nc6 Rc4 30. Rc1 Nb6 31. fxe5 Rxc1 32. exf6 Rxf1+ 33. Bxf1 Nxc6 34.
fxg7+ Qxg7 35. dxc6 Qe5 36. Qf3 Qd4+ 37. Kg2 Nd5 38. c7 Nxc7 39. Qf8+ Kh7 40.
Qe7+ Qg7 41. Bd3+ Kh8 42. Qxd6 a6 43. Bf5 Ne8 44. Qxa6 Qb2+ 45. Kh3 Qf6 46.
Qxb5 Nd6 47. Qb8+ Kg7 48. Qa7+ Kf8 49. Qa8+ Kg7 50. Qa7+ Kf8 51. Qb8+ Kg7 52.
Qc7+ Kf8 53. g4 h5 54. Qc5 Kg7 55. Qa7+ Kf8 56. Qa8+ Kg7 57. Qf3 Nf7 58. Qe3
Ng5+ 59. Kg2 Nf7 60. Qf4 Qb2+ 61. Kg3 Qc3+ 62. Kf2 Qb2+ 63. Ke1 hxg4 64. Bxg4
Qc3+ 65. Kf2 Ne5 66. Be2 Ng6 67. Qd6 Qh3 68. b5 Qf5+ 69. Ke3 Qg5+ 70. Kf2 Qf5+
71. Ke1 Qb1+ 72. Kd2 Qb2+ 73. Ke3 Qc1+ 74. Kf2 Qg5 75. Qd4+ Kh6 76. b6 Nf4 77.
Qh8+ 1-0

[Event "Kavala GRE, 20th Open"]
[Site "Kavala GRE"]
[Date "2011.08.06"]
[Round "9"]
[White "Papadimitriou, A."]
[Black "Galopoulos, N."]
[Result "0-1"]
[WhiteElo "2184"]
[BlackElo "2327"]
[PlyCount "90"]
[EventDate "2011.07.30"]
[EventRounds "9"]
[EventCountry "GRE"]

1. Nf3 Nf6 2. g3 e6 3. Bg2 d5 4. O-O Be7 5. c4 O-O 6. b3 d4 7. e3 c5 8. Bb2 Nc6
9. exd4 cxd4 10. d3 e5 11. Re1 Nd7 12. Nbd2 f5 13. a3 a5 14. Rc1 Re8 15. c5
Bxc5 16. b4 axb4 17. axb4 Bf8 18. Nc4 Bxb4 19. Ncxe5 Ndxe5 20. Rxe5 Rxe5 21.
Rxc6 Rd5 22. Qb3 bxc6 23. Nxd4 Kh8 24. Qxb4 Qd6 25. Qc4 Be6 26. Bxd5 Bxd5 27.
Qc3 Qe5 28. Nxf5 Qxc3 29. Bxc3 Ra3 30. Bxg7+ Kg8 31. Be5 Rxd3 32. Ne7+ Kf7 33.
Nxd5 Rxd5 34. f4 Rd2 35. g4 c5 36. h4 c4 37. h5 Rd3 38. f5 c3 39. g5 c2 40. Bb2
Rb3 41. g6+ Kg8 42. f6 Rxb2 43. f7+ Kf8 44. g7+ Kxf7 45. g8=Q+ Kxg8 0-1

[Event "Kavala GRE, 20th Open"]
[Site "Kavala GRE"]
[Date "2011.08.06"]
[Round "9"]
[White "Pavlidis, A."]
[Black "Mastrovasilis	, A."]
[Result "1/2-1/2"]
[WhiteElo "2420"]
[BlackElo "2537"]
[PlyCount "50"]
[EventDate "2011.07.30"]
[EventRounds "9"]
[EventCountry "GRE"]

1. e4 c5 2. Nf3 g6 3. c3 d5 4. e5 Nc6 5. h3 d4 6. Bb5 Bd7 7. Qe2 Bg7 8. O-O Nh6
9. Na3 O-O 10. d3 a6 11. Bc4 Na5 12. cxd4 cxd4 13. Nc2 Bxh3 14. Bxh6 Bxh6 15.
Qe4 Nxc4 16. dxc4 Bf5 17. Qh4 Bxc2 18. Qxh6 f6 19. exf6 exf6 20. Qd2 d3 21. Qc3
Rc8 22. Nd4 Qc7 23. Nxc2 dxc2 24. b3 b5 25. Rac1 bxc4 1/2-1/2

[Event "Kavala GRE, 20th Open"]
[Site "Kavala GRE"]
[Date "2011.08.06"]
[Round "9"]
[White "Raznikov, D."]
[Black "Burmakin, V."]
[Result "0-1"]
[WhiteElo "2434"]
[BlackElo "2579"]
[PlyCount "84"]
[EventDate "2011.07.30"]
[EventRounds "9"]
[EventCountry "GRE"]

1. d4 c6 2. c4 d5 3. Nf3 Nf6 4. Nc3 a6 5. e3 b5 6. c5 g6 7. Ne5 Bg7 8. f4 a5 9.
Be2 Nfd7 10. Nd3 Na6 11. O-O Nc7 12. Bd2 O-O 13. a3 f6 14. f5 gxf5 15. Nf4 e5
16. Nh5 Rf7 17. Be1 Bh6 18. Rf3 Nf8 19. Ng3 e4 20. Nxf5 Bxf5 21. Rxf5 Bxe3+ 22.
Kh1 Nce6 23. Bh5 Rg7 24. Ne2 Rg5 25. Rxg5+ fxg5 26. Bg3 Qf6 27. Be5 Qf2 28. Bg3
Qf5 29. Be5 g4 30. Ng3 Qg5 31. Bxg4 Nxc5 32. Be2 Ncd7 33. Qc2 Nxe5 34. dxe5 Rc8
35. Bxb5 Qxe5 36. Bxc6 Ne6 37. Rd1 Kh8 38. Qa4 Nc5 39. Qb5 Nd3 40. Nxe4 dxe4
41. Qxe5+ Nxe5 42. Bxe4 Ng4 0-1

[Event "Kavala GRE, 20th Open"]
[Site "Kavala GRE"]
[Date "2011.08.06"]
[Round "9"]
[White "Socko, B."]
[Black "Atalik, E."]
[Result "1/2-1/2"]
[WhiteElo "2631"]
[BlackElo "2436"]
[PlyCount "39"]
[EventDate "2011.07.30"]
[EventRounds "9"]
[EventCountry "GRE"]

1. e4 e5 2. Nf3 Nc6 3. Bb5 Nf6 4. d3 d6 5. O-O Be7 6. d4 O-O 7. Bxc6 bxc6 8.
Nc3 Nd7 9. dxe5 dxe5 10. Qe2 Bd6 11. Be3 Qe7 12. Rfd1 Nb6 13. a4 a5 14. b3 Ba6
15. Qe1 Nd7 16. Ne2 g6 17. Bh6 Rfb8 18. Ng3 c5 19. Nd2 c4 20. Nxc4 1/2-1/2

[Event "Kavala GRE, 20th Open"]
[Site "Kavala GRE"]
[Date "2011.08.06"]
[Round "9"]
[White "Solak, D."]
[Black "Kolev, A."]
[Result "1-0"]
[WhiteElo "2598"]
[BlackElo "2590"]
[PlyCount "135"]
[EventDate "2011.07.30"]
[EventRounds "9"]
[EventCountry "GRE"]

1. e4 c5 2. Nc3 d6 3. Bc4 Nc6 4. d3 g6 5. Nge2 Bg7 6. O-O e6 7. a3 Nge7 8. Ba2
Rb8 9. Bf4 b5 10. Qd2 h6 11. Bb3 a6 12. h3 Rb7 13. Nd1 d5 14. exd5 exd5 15. c3
g5 16. Bh2 c4 17. Bc2 d4 18. dxc4 bxc4 19. cxd4 O-O 20. Ne3 Nxd4 21. Nxd4 Qxd4
22. Qxd4 Bxd4 23. Nxc4 Bxb2 24. Nxb2 Rxb2 25. Bd3 Ng6 26. Rfb1 Rd2 27. Rd1
Rxd1+ 28. Rxd1 Rd8 29. Bc2 Rxd1+ 30. Bxd1 Nf4 31. h4 Kg7 32. hxg5 hxg5 33. f3
Kf6 34. Kf2 Ke5 35. Ke3 Bd7 36. Bb3 f6 37. Bc4 a5 38. Ba6 Bc6 39. Bd3 Bd7 40.
Bf1 Bc6 41. Bd3 Bd7 42. Bf1 Bc6 43. Kd2 f5 44. Kc3 Bd5 45. Bg1 Bc6 46. Kc4 Ne6
47. Be3 g4 48. fxg4 fxg4 49. Bd2 a4 50. g3 Kf5 51. Kb4 Nc7 52. Bd3+ Ke6 53. Bc2
Nd5+ 54. Kc5 Bd7 55. Bd3 Ke5 56. Bc1 Nf6 57. Bb2+ Ke6 58. Bc4+ Kf5 59. Bxf6
Kxf6 60. Kd6 Be8 61. Be6 Kg5 62. Kd5 Bg6 63. Bd7 Bc2 64. Kc5 Bd1 65. Kb4 Kf6
66. Bxa4 Bf3 67. Kc5 Ke5 68. Bc2 1-0

[Event "Kavala GRE, 20th Open"]
[Site "Kavala GRE"]
[Date "2011.08.06"]
[Round "9"]
[White "Stathopoulos, I."]
[Black "Vafiadis, K."]
[Result "1-0"]
[WhiteElo "2122"]
[BlackElo "2301"]
[PlyCount "81"]
[EventDate "2011.07.30"]
[EventRounds "9"]
[EventCountry "GRE"]

1. d4 Nf6 2. c4 c5 3. d5 b5 4. Nf3 d6 5. cxb5 a6 6. b6 Nbd7 7. Nc3 g6 8. e4 Bg7
9. a4 a5 10. Bb5 O-O 11. O-O Nxb6 12. h3 Bb7 13. Bf4 Nh5 14. Bh2 Bh6 15. Kh1
Nf4 16. Qd2 e5 17. Bc6 Bxc6 18. dxc6 Kg7 19. Nb5 Nc8 20. Rad1 Ra6 21. Nxe5 Qg5
22. Bxf4 Qxf4 23. Qxf4 Bxf4 24. Nd7 Rg8 25. g3 Bg5 26. Nxd6 Rxc6 27. Nxf7 Bf6
28. Nfe5 Bxe5 29. Nxe5 Rb6 30. Rd7+ Kf6 31. Ng4+ Ke6 32. Rxh7 Rxb2 33. Rc1 Rb4
34. Rxc5 Rxe4 35. Rxa5 Nd6 36. Rc7 Rb8 37. Rcc5 Rb1+ 38. Kg2 Rd4 39. Rg5 Ne4
40. Rxg6+ Ke7 41. Ra7+ 1-0

[Event "Kavala GRE, 20th Open"]
[Site "Kavala GRE"]
[Date "2011.08.06"]
[Round "9"]
[White "Svetushkin, D."]
[Black "Kourousis, E."]
[Result "1-0"]
[WhiteElo "2576"]
[BlackElo "2273"]
[PlyCount "79"]
[EventDate "2011.07.30"]
[EventRounds "9"]
[EventCountry "GRE"]

1. e4 c6 2. d4 d5 3. e5 Bf5 4. Nd2 e6 5. Nb3 Nd7 6. Nf3 Ne7 7. Be2 Nc8 8. a4
Be7 9. a5 a6 10. O-O O-O 11. Be3 Na7 12. Nfd2 h6 13. f4 Bh7 14. Bg4 Nb5 15. f5
exf5 16. Bxf5 Bxf5 17. Rxf5 Nc7 18. Qg4 Kh7 19. Rh5 Ne6 20. Qf5+ g6 21. Rxh6+
Kg7 22. Qh3 Rh8 23. Rf1 Bg5 24. Rxh8 Bxe3+ 25. Qxe3 Qxh8 26. Nc1 Qh4 27. Ne2
Rh8 28. h3 Qe7 29. c3 Rh5 30. Nf4 Nxf4 31. Rxf4 Nf8 32. Nf3 Ne6 33. Rf6 Qc7 34.
b4 b6 35. axb6 Qxb6 36. Qf2 Qc7 37. h4 Rh8 38. Ng5 Nxg5 39. hxg5 Rd8 40. Qf3
1-0

[Event "Kavala GRE, 20th Open"]
[Site "Kavala GRE"]
[Date "2011.08.06"]
[Round "9"]
[White "Tchantcev, C."]
[Black "Ketzetzis, G."]
[Result "1/2-1/2"]
[WhiteElo "2283"]
[BlackElo "2164"]
[PlyCount "67"]
[EventDate "2011.07.30"]
[EventRounds "9"]
[EventCountry "GRE"]

1. e4 c5 2. Nf3 Nc6 3. Bb5 Nf6 4. Nc3 Qc7 5. O-O a6 6. Bxc6 dxc6 7. d4 Bg4 8.
dxc5 e6 9. Be3 Nd7 10. h3 Bxf3 11. Qxf3 Bxc5 12. Rad1 Bxe3 13. Qxe3 e5 14. Rd2
O-O 15. Rfd1 Rfd8 16. Na4 Nf8 17. Qb6 Qxb6 18. Nxb6 Rxd2 19. Rxd2 Rb8 20. c3
Ne6 21. b4 Rd8 22. Rxd8+ Nxd8 23. Nd7 f6 24. Nc5 Kf7 25. Kf1 Ke7 26. Ke2 Kd6
27. Kd3 a5 28. a3 b6 29. Na4 b5 30. Nc5 a4 31. g3 Ne6 32. Nxe6 Kxe6 33. f4 g5
34. f5+ 1/2-1/2

[Event "Kavala GRE, 20th Open"]
[Site "Kavala GRE"]
[Date "2011.08.06"]
[Round "9"]
[White "Zubarev, A."]
[Black "Zysk, R."]
[Result "1-0"]
[WhiteElo "2597"]
[BlackElo "2437"]
[PlyCount "85"]
[EventDate "2011.07.30"]
[EventRounds "9"]
[EventCountry "GRE"]

1. e4 e6 2. d4 d5 3. Nd2 c5 4. Ngf3 Nf6 5. e5 Nfd7 6. c3 Nc6 7. Bd3 Qb6 8. O-O
cxd4 9. cxd4 Nxd4 10. Nxd4 Qxd4 11. Nf3 Qb6 12. Qa4 Qb4 13. Qc2 Qc5 14. Bxh7
Qxc2 15. Bxc2 Nb8 16. Be3 Nc6 17. Rac1 Bd7 18. Bb1 Be7 19. Rfe1 a6 20. g3 Rc8
21. h4 O-O 22. h5 Na5 23. Kg2 Rxc1 24. Bxc1 Nc6 25. h6 gxh6 26. Bxh6 Re8 27. g4
f6 28. Bf4 Kf7 29. Rh1 Rg8 30. Kg3 Rg7 31. Bh7 fxe5 32. Nxe5+ Nxe5 33. Bxe5 Bf6
34. f4 Bxe5 35. fxe5 Ke7 36. Bd3 Be8 37. Rh8 a5 38. Kh4 Bc6 39. g5 Be8 40. Rh6
Rf7 41. Kg3 Rg7 42. g6 Kf8 43. Kf4 1-0